Carlins, capellans, cotoners i convergents : història d''El Correo Catalán' (1876 - 1985) / Víctor Saura història d''El Correo Catalán' (1876 - 1985) / Víctor Saura
Descripción Física:
150 p. : il. ; 24 cm
Colección:
Vaixells de paper ; 24
MARC
| LEADER | 00000nam a2200000Ia 4500 | ||
|---|---|---|---|
| 001 | 12250 | ||
| 008 | 160829s9999 xx 000 0 cat d | ||
| 080 | |a O-1-46 | ||
| 100 | |a Saura, Víctor |9 34116 | ||
| 245 | |a Carlins, capellans, cotoners i convergents : |b història d''El Correo Catalán' (1876 - 1985) / Víctor Saura | ||
| 260 | |a Barcelona : |b Diputació de Barcelona : |b Col·legi de Periodistes de Catalunya, dl 1998 | ||
| 300 | |a 150 p. : |b il. ; |c 24 cm | ||
| 490 | |a Vaixells de paper ; 24 | ||
| 650 | |a El Correo Catalán |x Història |9 34117 | ||
| 650 | 0 | |a Premsa |x Catalunya |9 46045 | |
| 710 | 2 | |a Col·legi de Periodistes de Catalunya |9 52967 | |
| 710 | 1 | |a Barcelona (Catalunya : Província). |b Diputació |9 52408 | |
| 901 | |a Arxiu | ||
| 942 | |n 1 | ||
| 952 | |0 0 |1 0 |4 0 |6 O146 |7 1 |9 46390 |a Arxiu |b Arxiu |d 2016-12-01 |l 0 |o O-1-46 |p 12250 |r 2016-12-01 00:00:00 |w 2016-12-01 |y ARXIU | ||
| 999 | |c 50175 |d 50175 | ||